|
|
|
|
| LEADER |
00976ncm a22002652a 4500 |
| 001 |
001105405 |
| 003 |
CZ BrMZK |
| 005 |
20110511075457.0 |
| 007 |
qu |
| 008 |
960101s1975 xr f zxx d |
| 040 |
|
|
|a BOA001
|b cze
|
| 072 |
|
7 |
|a 788
|x Hudba pro dechové nástroje
|2 Konspekt
|9 9
|
| 100 |
1 |
|
|a Andrejs, Jaroslav,
|d 1919-2009
|7 jk01010279
|4 cmp
|4 arr
|
| 245 |
1 |
0 |
|a Z Dobrušska
|h [hudebnina] :
|b polka /
|c Jaroslav Andrejs ; arrang. autor. Svatební valčík / Josef Charvát ; arrang. autor
|
| 250 |
|
|
|a 1. vyd.
|
| 260 |
|
|
|a Praha :
|b Panton,
|c 1975
|
| 300 |
|
|
|a 24 hlasů
|
| 490 |
1 |
|
|a Klub dobré dechovky. Základní řada ;
|v 113
|
| 700 |
1 |
|
|a Charvát, Josef,
|d 1915-1994
|7 ola2003167577
|4 cmp
|4 arr
|
| 740 |
0 |
2 |
|a Svatební valčík
|
| 830 |
|
0 |
|a Klub dobré dechovky (Panton).
|p Základní řada
|
| 910 |
|
|
|a BOA001
|b Mus3-0735.822
|
| 990 |
|
|
|a MU
|
| 991 |
|
|
|b 201007
|
| 996 |
6 |
|
|b 2619457974
|c Mus3-0735.822
|l MZK
|r Sklad / do 1 hodiny
|n 1
|w 001132157
|u 000010
|a 1
|e BOA001
|j MZK50
|s P
|